Women, Population and Global Crisis: (Record no. 5960)
[ view plain ]
| 000 -LEADER | |
|---|---|
| fixed length control field | 00779cam a2200265 a 4500 |
| 001 - CONTROL NUMBER | |
| control field | 1163883 |
| 005 - DATE AND TIME OF LATEST TRANSACTION | |
| control field | 20250127034111.0 |
| 008 - FIXED-LENGTH DATA ELEMENTS--GENERAL INFORMATION | |
| fixed length control field | 961004s1997 enka b 001 0 eng |
| 020 ## - INTERNATIONAL STANDARD BOOK NUMBER | |
| ISBN | 1856494284 |
| 040 ## - CATALOGING SOURCE (பட்டியலாக்க மூலம்) | |
| Original cataloging agency | DLC |
| Transcribing agency | DLC |
| Modifying agency | DLC |
| 082 00 - DDC Classification | |
| Class No. | 304.6 |
| DDC Edition Number | 6894 |
| Item Number - Author Mark | BAN |
| 100 1# - MAIN ENTRY--PERSONAL NAME | |
| Personal name | Bandarage, A |
| 245 10 - TITLE STATEMENT | |
| Title | Women, Population and Global Crisis: |
| Remainder of title | A Political-Economic Analysis |
| 260 ## - PUBLICATION, DISTRIBUTION, ETC. | |
| Place of publication, distribution, etc. | London |
| -- | New Jersey |
| Name of publisher, distributor, etc. | Zed Books, |
| Date of publication, distribution, etc. | 1997. |
| 300 ## - PHYSICAL DESCRIPTION | |
| Extent (e.g. Volumes, Pages etc.) | xiii, 397 p. : |
| 650 #0 - SUBJECT ADDED ENTRY--TOPICAL TERM | |
| Topical term or geographic name entry element | Population |
| 650 #0 - SUBJECT ADDED ENTRY--TOPICAL TERM | |
| Topical term or geographic name entry element | Women |
| 650 #0 - SUBJECT ADDED ENTRY--TOPICAL TERM | |
| Topical term or geographic name entry element | Birth control |
| 650 #0 - SUBJECT ADDED ENTRY--TOPICAL TERM | |
| Topical term or geographic name entry element | Population policy |
| 650 #0 - SUBJECT ADDED ENTRY--TOPICAL TERM | |
| Topical term or geographic name entry element | Environment |
| 650 #0 - SUBJECT ADDED ENTRY--TOPICAL TERM | |
| Topical term or geographic name entry element | Political Economy |
| 856 42 - ELECTRONIC LOCATION AND ACCESS | |
| Uniform Resource Identifier | <a href="http://www.loc.gov/catdir/description/hol055/96036915.html">http://www.loc.gov/catdir/description/hol055/96036915.html</a> |
| 856 41 - ELECTRONIC LOCATION AND ACCESS | |
| Uniform Resource Identifier | <a href="http://www.loc.gov/catdir/toc/hol052/96036915.html">http://www.loc.gov/catdir/toc/hol052/96036915.html</a> |
| 942 ## - Koha item type (Biblio) | |
| Koha item type | Books in Stacks (Lending) |
| Lost status | Damaged status | Collection code | Home library | Current library | Date acquired | Full call number | Accession Number | Item type |
|---|---|---|---|---|---|---|---|---|
| Lending | WERC Library | WERC Library | 01/27/2025 | 304.6 BAN | 6894 | Books in Stacks (Lending) |
